000 00405cam a22001337a 4500
008 180718b1957 xxu||||| |||| 00| 0 eng d
082 _aW403x764 T312
100 _aThompson, John T.
245 _aCity traffic law enforcement in texas
_cby John T. Thompson
260 _aAustin
_bInstitute of Public Affairs
_c1957
300 _a54p.
650 _aTraffic police --Texas
650 _aTraffic safety --Texas
999 _c501374
_d501374